000 02904nam0a2200361 4500
001 RU\NLR\b_ik\194060
005 20260408082233.0
010 _a978-5-91-993-003-7
_9100
035 _a(NLR Aleph) 002266487
090 _a3891044
_c3891044
100 _a20120229d2011 |||y0rusy50 ca
101 0 _aeng
_drus
102 _aRU
105 _aa |||||||||
200 1 _aXXIX International seminar on stability problems for stochastic models and V International workshop "Applied problems in theory of probabilities and mathematical statistics related to modeling of information systems", 10-16 October 2011, Svetlogorsk, Russia
_ebook of abstracts
_fed. by Prof. Victor Yu. Korolev a. Prof. Sergey Ya. Shorgin
210 _aMoscow
_cInstitute of informatics problems, RAS
_d2011
215 _a99 c.
_cил.
_d20
300 _aВ вып. дан.: XXIX Международный семинар по проблемам устойчивости стохастических моделей и Международный рабочий семинар "Прикладные задачи теории вероятностей и математической статистики, связанные с моделированием информационных систем"
300 _aВ надзаг.: Fac. of computational mathematics a. cybernetics, Moscow state univ., Inst. of informatics problems, Russ. acad. of sciences
300 _aРез. на рус. яз.
320 _aБиблиогр. в конце докл.
517 0 _aXXIX Международный семинар по проблемам устойчивости стохастических моделей и Международный рабочий семинар "Прикладные задачи теории вероятностей и математической статистики, связанные с моделированием информационных систем"
606 1 _aИнформационные системы
_jСъезды, совещания и т.п.
_xМатематическое моделирование
_91191390
_3RU\NLR\AUTH\66480901
606 1 _aСтохастическое моделирование
_jСъезды, совещания и т.п.
_92190961
_3RU\NLR\AUTH\661317062
686 1 _aВ1я431(0)
686 1 _aЗ973.233.02-01с116я431(0)
702 1 _aKorolev
_bV. Ju.
_f1954-
_gViktor Jur'evič
_4340
710 1 2 _8eng
_aInternational seminar on stability problems for stochastic models
_d29
_f2011
_eSvetlogorsk
_7ba
_3RU\NLR\AUTH\8810222828
_9330294
711 1 2 _8eng
_a"Applied problems in theory of probabilities and mathematical statistics related to modeling of information systems", international workshop
_d5
_f2011
_eSvetlogorsk
_7ba
_3RU\NLR\AUTH\8810222830
_9330298
801 0 _aRU
_bNLR
_c20120229
_gRCR
942 _cBOOK
980 _aNB